Famous Fuzzy Faces Quiz Stats

 Plays Quiz Updated Oct 30, 2018

Score 0/25 Timer 03:00
0 Plays Today
Number Famous Person % Correct
7.Adolf Hitler
95.7%
2.Abraham Lincoln
95.4%
11.George Washington
89.3%
3.Martin Luther King Jr.
86.5%
14.John F. Kennedy
84.1%
10.Mahatma Gandhi
77.9%
6.Albert Einstein
75.1%
20.Michael Jackson
70.9%
9.Benjamin Franklin
68.3%
21.Tiger Woods
67.1%
19.Pope Benedict XVI
66.2%
24.Steve Jobs
62.8%
1.John Lennon
62.8%
Number Famous Person % Correct
25.Marilyn Monroe
62.7%
4.Babe Ruth
57.1%
18.Ray Charles
51.5%
22.Oprah Winfrey
50.9%
15.Jimi Hendrix
48%
16.Morgan Freeman
46.3%
12.Fidel Castro
41.1%
13.Walt Disney
31.7%
23.Will Ferrell
28.9%
8.Bill Gates
23.8%
5.Lil Wayne
17.3%
17.Miley Cyrus
7.5%

You're not logged in!

Compare scores with friends on all Sporcle quizzes.
OR
Log In

You Might Also Like...

Show Comments

Extras

Top Quizzes Today


Score Distribution

Your Account Isn't Verified!

In order to create a playlist on Sporcle, you need to verify the email address you used during registration. Go to your Sporcle Settings to finish the process.

Report this User

Report this user for behavior that violates our Community Guidelines.

Details: